[Event "IND-ch Schools"]
[Site "Gyan Bhawan Patna"]
[Date "2024.02.06"]
[Round "1"]
[White "Aamuktha, Guntaka"]
[Black "Aashrita, Balaji Guttula"]
[Result "1-0"]
[WhiteElo "1548"]
[BlackElo "1085"]
[PlyCount "39"]
[EventDate "2024.02.06"]
[EventType "swiss"]
[EventRounds "9"]
[EventCountry "IND"]
[SourceTitle "EXT 2025"]
[Source "ChessBase"]
[SourceDate "2024.10.14"]
[SourceVersion "1"]
[SourceVersionDate "2024.10.14"]
[SourceQuality "1"]

1. e4 c5 2. Nf3 d6 3. d4 cxd4 4. Nxd4 Nf6 5. Nc3 g6 6. Be3 Bg7 7. f3 0-0 8. Qd2 Nc6 9. 0-0-0 Bd7 10. Kb1 Qa5 11. g4 Ne5 12. h4 Rfc8 13. h5 b5 14. hxg6 hxg6 15. Bh6 Nc4 16. Bxc4 Rxc4 17. Bxg7 Ne8 18. Qh6 f6 19. Qh8+ Kf7 20. Qf8# 1-0

[Event "IND-ch U15"]
[Site "Mumbai"]
[Date "2023.11.18"]
[Round "4"]
[White "Aashrita, Balaji Guttula"]
[Black "Aditya, Shardul Kadam"]
[Result "0-1"]
[WhiteElo "1044"]
[BlackElo "1242"]
[PlyCount "84"]
[EventDate "2023.11.15"]
[EventType "swiss"]
[EventRounds "7"]
[EventCountry "IND"]
[SourceTitle "CBM 217 Extra"]
[Source "ChessBase"]
[SourceDate "2024.01.31"]
[SourceVersion "1"]
[SourceVersionDate "2024.01.31"]
[SourceQuality "1"]

1. e4 c5 2. Nc3 Nc6 3. f4 g6 4. Nf3 Bg7 5. Bb5 Nd4 6. 0-0 a6 7. Bc4 b5 8. Bd5 Rb8 9. a3 e6 10. Ba2 d6 11. d3 Ne7 12. Ne2 0-0 13. Nexd4 cxd4 14. Qe1 h6 15. Qf2 Nc6 16. Re1 e5 17. Qg3 Kh7 18. Bd5 Ne7 19. fxe5 g5 20. exd6 Nxd5 21. exd5 f5 22. Qf2 Qxd6 23. Nxd4 Qxd5 24. Nb3 f4 25. Qc5 Qxc5+ 26. Nxc5 Bd4+ 27. Kf1 Bxc5 28. Bd2 Rb7 29. b4 Bb6 30. c4 Bd4 31. Rab1 Bg4 32. Re4 Rd7 33. Rb3 Bd1 34. Rc3 Bxc3 35. Bxc3 Bc2 36. Re6 Bxd3+ 37. Kf2 Bxc4 38. Rxa6 Re8 39. Ba1 g4 40. Bc3 Re2+ 41. Kf1 Rd1+ 42. Be1 Rdxe1# 0-1